000 00897nab a2200265 u 4500
001 18587
003 HDC
007 cr bn ---aaaaa
008 210227c20100817xx dr|noo 0 a eng d
040 _aHDC
100 _aRushdi Siddiqui
_eauthor
_96270
245 0 _aOpinion: Halal Participation Banking...is this the next chapter? / by
_cRushdi Siddiqui
260 _a[No place] :
_b[publisher not identified],
_c2010
300 _a1 online resource
336 _atext
_2rdacontent
337 _acomputer
_2rdamedia
338 _aonline resource
_2rdacarrier
650 _aHalal banking
_9281
650 _aIslamic banking
_9270
710 _aHalal Focus
856 _zRequest full-text at [email protected]
942 _2lcc
942 _cNEWS
942 _kNWSO 006105
999 _c15903
_d15903